| 000 | 01188nam a2200241Ia 4500 | ||
|---|---|---|---|
| 999 |
_c56024 _d56024 |
||
| 001 | 23124 | ||
| 003 | GE_BSU | ||
| 005 | 20250324152928.0 | ||
| 008 | 181216s2018||||ge |||||||||||||| ||geo|| | ||
| 020 | _a9789941293771 | ||
| 040 | _cGE_BSU | ||
| 041 | _ageo | ||
| 080 | _a27-29 თ-36 | ||
| 245 |
_aთაფლის წვეთებივით ამბები / _cშემდგენელი მანანა ტუაევა; მხატვარი ლევან სილაგაძე. |
||
| 264 |
_aთბილისი _bპალიტრა L, _c2018. |
||
| 300 |
_a150 გვ. ; _b20 სმ. |
||
| 490 |
_aმეგზური სიკეთის სამყაროში _v/ პროექტის ავტორი და რედაქტორი თამარ მამაცაშვილი ; წიგნი 8 |
||
| 653 | _aთაფლის წვეთებივით ამბები | ||
| 653 | _aრელიგია | ||
| 700 |
_aტუაევა, მანანა _e შემდგენელი _924656 |
||
| 700 |
_aსილაგაძე, ლევან _eმხატვარი _924657 |
||
| 942 |
_cBK _2udc |
||